000 00478nam a22001577a 4500
003 OSt
005 20221006173214.0
008 221006b |||||||| |||| 00| 0 eng d
040 _cBiblioteca Lado V
082 _a709.809.04
_bH217t
100 _994
_aHamilton, Richard
_edirector
245 _aTateLatin American Acquisitions Committe/
_bCelebrating 10 years/
260 _aNew York
300 _a51p.
_c17x21cm
942 _2ddc
_c1
_h709.809.04
_iH217t
_n0
999 _c2205
_d2205